000 01519nam a2200373 a 4500
001 ebr10554704
003 CaPaEBR
006 m u
007 cr cn|||||||||
008 101130s2011 gw af sb 001 0 eng d
010 _z 2010048952
020 _z9783110222210 (hardcover alk. paper)
020 _z9783110222227 (e-book)
040 _aCaPaEBR
_cCaPaEBR
035 _a(OCoLC)794491460
041 0 _aeng
_ager
043 _aa-tu---
050 1 4 _aDR701.O53
_bS73 2011eb
082 0 4 _a939/.35
_222
100 1 _aSpanu, Marcello.
245 1 4 _aThe theatre of Diokaisareia
_h[electronic resource] /
_cby Marcello Spanu.
260 _aBerlin ;
_aNew York :
_bDe Gruyter,
_c2011.
300 _ax, 134 p., 71 p. of plates :
_bill. (some col.).
490 0 _aDiokaisareia in Kilikien : ergebnisse des Surveys 2001-2006
504 _aIncludes bibliographical references and index.
533 _aElectronic reproduction.
_bPalo Alto, Calif. :
_cebrary,
_d2011.
_nAvailable via World Wide Web.
_nAccess may be limited to ebrary affiliated libraries.
546 _aIn English with foreword in German.
650 0 _aArchitecture, Roman
_zTurkey
_zOlbasa (Extinct city)
650 0 _aExcavations (Archaeology)
_zTurkey
_zOlbasa (Extinct city)
651 0 _aOlbasa (Extinct city)
_xAntiquities, Roman.
655 7 _aElectronic books.
_2local
710 2 _aebrary, Inc.
856 4 0 _uhttp://site.ebrary.com/lib/rucke/Doc?id=10554704
_zAn electronic book accessible through the World Wide Web; click to view
999 _c197820
_d197820